La Gira por Europa del Presidente Monge /
Enfoca la gira realizada por el entonces presidente de Costa Rica, Luis Alberto Monge Alvarez (1982-1986), cuyo fin primordial era obtener apoyo a nivel internacional para su política de neutralidad. Se enfocan algunos factores que incideron en la decisión de realizar esta gira y se señala el éxito...
Salvato in:
| Autore principale: | |
|---|---|
| Natura: | testo |
| Soggetti: | |
| Tags: |
Aggiungi Tag
Nessun Tag, puoi essere il primo ad aggiungerne!!
|
MARC
| LEADER | 00000 a a2200000 04500 | ||
|---|---|---|---|
| 001 | 13802 | ||
| 003 | |||
| 040 | |||
| 100 | |a Chávez, Manuel | ||
| 245 | |a La Gira por Europa del Presidente Monge / |c Manuel Chávez | ||
| 520 | |a Enfoca la gira realizada por el entonces presidente de Costa Rica, Luis Alberto Monge Alvarez (1982-1986), cuyo fin primordial era obtener apoyo a nivel internacional para su política de neutralidad. Se enfocan algunos factores que incideron en la decisión de realizar esta gira y se señala el éxito de la misma, al alcanzar el objetivo propuesto. OB/EL | ||
| 650 | |a POLITICA EXTERIOR | ||
| 650 | |a NEUTRALIDAD | ||
| 650 | |a DIPLOMACIA | ||
| 650 | |a PROBLEMAS POLITICOS | ||
| 650 | |a AYUDA ECONOMICA | ||
| 650 | |a COOPERACION TECNICA | ||
| 773 | |g número 24 -25; páginas 39-51 | ||
| 999 | |c 29960 |d 29960 | ||
